000 00546nam a22001937a 4500
999 _c6474
_d6474
003 OSt
005 20200123133218.0
008 200123b ||||| |||| 00| 0 eng d
020 _a0826451608
040 _c040a
082 _a374
_bHIL 2002
100 _aHillier, Yvonne
_913311
245 _aReflective teaching in further and adult eduaction /
_cYvonne Hillier
260 _aLondon
_bContinuum
_c2002
300 _axii, 271p;
_bill:
_c10 cm
504 _aIncludes bibliographical references
650 _2Adult education
942 _2ddc
_cO_SHELF